Cultura y comunicación: signos del consumo cultural: una perspectiva desde América Latina /
En este artículo se comentan las realidades culturales de lo comunicacional y lo cultural industrializado, en tanto campos estratégicos para nuestro desarrollo socioeconómico, ante lo cual se requiere de precisiones muy afinadas para percibir cómo se mueve el ciudadano respecto de lo simbólico, o se...
Guardado en:
| 主要作者: | |
|---|---|
| 格式: | Texto |
| 主題: | |
| 標簽: |
添加標簽
沒有標簽, 成為第一個標記此記錄!
|
MARC
| LEADER | 00000 a a2200000 04500 | ||
|---|---|---|---|
| 001 | 10657 | ||
| 003 | |||
| 040 | |||
| 100 | |a Bisbal, Marcelino | ||
| 245 | |a Cultura y comunicación: signos del consumo cultural: una perspectiva desde América Latina / |c Marcelino Bisbal | ||
| 520 | |a En este artículo se comentan las realidades culturales de lo comunicacional y lo cultural industrializado, en tanto campos estratégicos para nuestro desarrollo socioeconómico, ante lo cual se requiere de precisiones muy afinadas para percibir cómo se mueve el ciudadano respecto de lo simbólico, o sea en relación con su producción y consumo cultural. Desde ahí se puede entender la idea de mercado cultural y de consumo cultural dentro del mismo mercado. Se señala que el planteamiento de cualquier política cultural debe partir ya no de retóricas y buenas intenciones, tampoco de discursos grandilocuentes formales sin base en la realidad, y menos de concepciones culturalistas. Es necesario conocer con precisión en qué consiste hoy el consumo cultural y de medios de comunicación. Fuente/MSD | ||
| 650 | |a COMUNICACION | ||
| 650 | |a MEDIOS DE COMUNICACION | ||
| 650 | |a CULTURA | ||
| 650 | |a MODERNIZACION | ||
| 650 | |a OCIO | ||
| 773 | |g número 175; páginas 85-96 | ||
| 999 | |c 20406 |d 20406 | ||
